000
00287nam a22001337a 4500
008
170627b xxu||||| |||| 00| 0 eng d
020
_a
9780813343280
041
_a
eng
080
_a
32
100
_a
21
101
_a
SHP
245
_a
AMERICAN VOTER TURNOUT
_c
HILL,D
942
_2
udc
_c
BK
999
_c
19137
_d
19137